000 00355nam a2200157Ia 4500
008 230711s9999||||xx |||||||||||||| ||und||
041 _aENG
082 _a4
_bJO-C
100 _aJohnson,Deborah
245 0 _aComputer ethics
250 _a3rd Ed.
260 _c2007
_aNew Delhi
_bPearson
300 _a202
650 _aComputer Engineering
942 _cBK
999 _c4612
_d4612